The Adventures of Huckleberry Finn (Tom Sawyer's Comrade) (Record no. 261580)
[ view plain ]
| 000 -LEADER | |
|---|---|
| fixed length control field | 01284cam a22003733a 4500 |
| 001 - CONTROL NUMBER | |
| control field | 32325 |
| 003 - CONTROL NUMBER IDENTIFIER | |
| control field | PGUSA |
| 005 - DATE AND TIME OF LATEST TRANSACTION | |
| control field | 20140828083711.0 |
| 008 - FIXED-LENGTH DATA ELEMENTS--GENERAL INFORMATION | |
| fixed length control field | 100510s2010||||xxu|||||s|||||000 1 eng d |
| 040 ## - CATALOGING SOURCE | |
| Original cataloging agency | PGUSA |
| Language of cataloging | eng |
| 042 ## - AUTHENTICATION CODE | |
| Authentication code | dc |
| 050 #4 - LIBRARY OF CONGRESS CALL NUMBER | |
| Classification number | PS |
| 100 1# - MAIN ENTRY--PERSONAL NAME | |
| Personal name | Twain, Mark, |
| Dates associated with a name | 1835-1910 |
| 245 14 - TITLE STATEMENT | |
| Title | The Adventures of Huckleberry Finn (Tom Sawyer's Comrade) |
| Medium | [electronic resource] / |
| Statement of responsibility, etc | Mark Twain |
| 260 ## - PUBLICATION, DISTRIBUTION, ETC. (IMPRINT) | |
| Name of publisher, distributor, etc | Project Gutenberg, |
| Date of publication, distribution, etc | 2010 |
| 500 ## - GENERAL NOTE | |
| General note | See also PG eBook #76 scanned from the first edition, published by Charles Webster and Co. in 1885, with all the original illustrations. |
| 506 ## - RESTRICTIONS ON ACCESS NOTE | |
| Terms governing access | Public domain in the USA. |
| 516 ## - TYPE OF COMPUTER FILE OR DATA NOTE | |
| Type of computer file or data note | Electronic text |
| 653 ## - INDEX TERM--UNCONTROLLED | |
| Uncontrolled term | Adventure stories |
| 653 ## - INDEX TERM--UNCONTROLLED | |
| Uncontrolled term | Fugitive slaves -- Fiction |
| 653 ## - INDEX TERM--UNCONTROLLED | |
| Uncontrolled term | Bildungsromans |
| 653 ## - INDEX TERM--UNCONTROLLED | |
| Uncontrolled term | Missouri -- Fiction |
| 653 ## - INDEX TERM--UNCONTROLLED | |
| Uncontrolled term | Boys -- Fiction |
| 653 ## - INDEX TERM--UNCONTROLLED | |
| Uncontrolled term | Finn, Huckleberry (Fictitious character) -- Fiction |
| 653 ## - INDEX TERM--UNCONTROLLED | |
| Uncontrolled term | Runaway children -- Fiction |
| 653 ## - INDEX TERM--UNCONTROLLED | |
| Uncontrolled term | Race relations -- Fiction |
| 653 ## - INDEX TERM--UNCONTROLLED | |
| Uncontrolled term | Humorous stories |
| 653 ## - INDEX TERM--UNCONTROLLED | |
| Uncontrolled term | Mississippi River -- Fiction |
| 653 ## - INDEX TERM--UNCONTROLLED | |
| Uncontrolled term | Male friendship -- Fiction |
| 700 1# - ADDED ENTRY--PERSONAL NAME | |
| Personal name | Kemble, E. W. |
| Fuller form of name | (Edward Windsor), |
| Dates associated with a name | 1861-1933 |
| 830 #0 - SERIES ADDED ENTRY--UNIFORM TITLE | |
| Uniform title | Project Gutenberg |
| Volume number/sequential designation | 32325 |
| 856 40 - ELECTRONIC LOCATION AND ACCESS | |
| Uniform Resource Identifier | <a href="http://www.gutenberg.org/ebooks/32325">http://www.gutenberg.org/ebooks/32325</a> |
| 942 ## - ADDED ENTRY ELEMENTS (KOHA) | |
| Koha item type | eBooks |
| Withdrawn status | Lost status | Damaged status | Home library | Current library | Date acquired | Total Checkouts | Date last seen | Price effective from | Koha item type |
|---|---|---|---|---|---|---|---|---|---|
| Project Gutenberg | Project Gutenberg | 08/28/2014 | 08/28/2014 | 08/28/2014 | eBooks |